<?xml version="1.0" encoding="UTF-8"?>
<collection xmlns="http://www.loc.gov/MARC21/slim">
 <record>
  <leader>01983nam a22003011  4500</leader>
  <controlfield tag="001">1/49575</controlfield>
  <controlfield tag="008">930517s19721973gr            000 0 gre d</controlfield>
  <datafield tag="035" ind1=" " ind2=" ">
   <subfield code="l">1682</subfield>
  </datafield>
  <datafield tag="040" ind1=" " ind2=" ">
   <subfield code="a">GR-PeUP</subfield>
  </datafield>
  <datafield tag="090" ind1=" " ind2=" ">
   <subfield code="a">888.344 ΒΑ</subfield>
  </datafield>
  <datafield tag="100" ind1="1" ind2=" ">
   <subfield code="a">Βασίλειος ο Μέγας,</subfield>
   <subfield code="d">π. 329-379.</subfield>
  </datafield>
  <datafield tag="245" ind1="1" ind2="0">
   <subfield code="a">Μεγάλου Βασιλείου :</subfield>
   <subfield code="b">άπαντα /</subfield>
   <subfield code="c">εποπτεία Στυλιανού Γ. Παπαδόπουλου ; επιμ. Εμμ. Ι. Κωνσταντινίδου, Νικ. Μ. Παπαδόπουλου</subfield>
  </datafield>
  <datafield tag="260" ind1=" " ind2=" ">
   <subfield code="a">Αθήνα :</subfield>
   <subfield code="b">Ελληνικός Εκδοτικός Οργανισμός,</subfield>
   <subfield code="c">1972-1973.</subfield>
  </datafield>
  <datafield tag="300" ind1=" " ind2=" ">
   <subfield code="a">τ. ;</subfield>
   <subfield code="c">20 εκ.</subfield>
  </datafield>
  <datafield tag="490" ind1="1" ind2=" ">
   <subfield code="a">Βιβλιοθήκη των Ελλήνων. Απαντα των Αγίων Πατέρων ;</subfield>
  </datafield>
  <datafield tag="650" ind1=" " ind2="4">
   <subfield code="a">Πατέρες της εκκλησίας, Καππαδόκες.</subfield>
  </datafield>
  <datafield tag="650" ind1=" " ind2="4">
   <subfield code="a">Πατερικά κείμενα.</subfield>
  </datafield>
  <datafield tag="700" ind1="1" ind2=" ">
   <subfield code="a">Παπαδόπουλος, Στυλιανός Γ,</subfield>
   <subfield code="e">εποπτ.</subfield>
  </datafield>
  <datafield tag="700" ind1="1" ind2=" ">
   <subfield code="a">Κωνσταντινίδης, Εμμανουήλ Ι.,</subfield>
   <subfield code="d">1934-</subfield>
   <subfield code="e">επιμ.</subfield>
  </datafield>
  <datafield tag="700" ind1="1" ind2=" ">
   <subfield code="a">Παπαδόπουλος, Νικόλαος Μ,</subfield>
   <subfield code="e">επιμ.</subfield>
  </datafield>
  <datafield tag="830" ind1=" " ind2=" ">
   <subfield code="a">Βιβλιοθήκη των Ελλήνων. Απαντα των Αγίων Πατέρων.</subfield>
  </datafield>
  <datafield tag="852" ind1=" " ind2=" ">
   <subfield code="a">INST</subfield>
   <subfield code="b">UNIPILB</subfield>
   <subfield code="c">MAIN</subfield>
   <subfield code="e">20040709</subfield>
   <subfield code="h">888.344 ΒΑ</subfield>
   <subfield code="p">00139382</subfield>
   <subfield code="q">00139382</subfield>
   <subfield code="t">LOAN</subfield>
   <subfield code="v">τ.4:</subfield>
   <subfield code="y">0</subfield>
   <subfield code="z">τ.4</subfield>
   <subfield code="4">1</subfield>
  </datafield>
  <datafield tag="852" ind1=" " ind2=" ">
   <subfield code="a">INST</subfield>
   <subfield code="b">UNIPILB</subfield>
   <subfield code="c">MAIN</subfield>
   <subfield code="e">20040709</subfield>
   <subfield code="h">888.344 ΒΑ</subfield>
   <subfield code="p">00139383</subfield>
   <subfield code="q">00139383</subfield>
   <subfield code="t">LOAN</subfield>
   <subfield code="v">τ.3:</subfield>
   <subfield code="y">0</subfield>
   <subfield code="z">τ.3</subfield>
   <subfield code="4">1</subfield>
  </datafield>
  <datafield tag="852" ind1=" " ind2=" ">
   <subfield code="a">INST</subfield>
   <subfield code="b">UNIPILB</subfield>
   <subfield code="c">MAIN</subfield>
   <subfield code="e">20040709</subfield>
   <subfield code="h">888.344 ΒΑ</subfield>
   <subfield code="p">00139384</subfield>
   <subfield code="q">00139384</subfield>
   <subfield code="t">LOAN</subfield>
   <subfield code="v">τ.10:</subfield>
   <subfield code="y">0</subfield>
   <subfield code="z">τ.10</subfield>
   <subfield code="4">1</subfield>
  </datafield>
  <datafield tag="852" ind1=" " ind2=" ">
   <subfield code="a">INST</subfield>
   <subfield code="b">UNIPILB</subfield>
   <subfield code="c">MAIN</subfield>
   <subfield code="e">20040709</subfield>
   <subfield code="h">888.344 ΒΑ</subfield>
   <subfield code="p">00139385</subfield>
   <subfield code="q">00139385</subfield>
   <subfield code="t">LOAN</subfield>
   <subfield code="v">τ.2:</subfield>
   <subfield code="y">0</subfield>
   <subfield code="z">τ.2</subfield>
   <subfield code="4">1</subfield>
  </datafield>
  <datafield tag="852" ind1=" " ind2=" ">
   <subfield code="a">INST</subfield>
   <subfield code="b">UNIPILB</subfield>
   <subfield code="c">MAIN</subfield>
   <subfield code="e">20040709</subfield>
   <subfield code="h">888.344 ΒΑ</subfield>
   <subfield code="p">00139386</subfield>
   <subfield code="q">00139386</subfield>
   <subfield code="t">LOAN</subfield>
   <subfield code="v">τ.7:</subfield>
   <subfield code="y">0</subfield>
   <subfield code="z">τ.7</subfield>
   <subfield code="4">1</subfield>
  </datafield>
  <datafield tag="852" ind1=" " ind2=" ">
   <subfield code="a">INST</subfield>
   <subfield code="b">UNIPILB</subfield>
   <subfield code="c">MAIN</subfield>
   <subfield code="e">20040709</subfield>
   <subfield code="h">888.344 ΒΑ</subfield>
   <subfield code="p">00139387</subfield>
   <subfield code="q">00139387</subfield>
   <subfield code="t">LOAN</subfield>
   <subfield code="v">τ.6:</subfield>
   <subfield code="y">0</subfield>
   <subfield code="z">τ.6</subfield>
   <subfield code="4">1</subfield>
  </datafield>
  <datafield tag="852" ind1=" " ind2=" ">
   <subfield code="a">INST</subfield>
   <subfield code="b">UNIPILB</subfield>
   <subfield code="c">MAIN</subfield>
   <subfield code="e">20040709</subfield>
   <subfield code="h">888.344 ΒΑ</subfield>
   <subfield code="p">00139388</subfield>
   <subfield code="q">00139388</subfield>
   <subfield code="t">LOAN</subfield>
   <subfield code="v">τ.5:</subfield>
   <subfield code="y">0</subfield>
   <subfield code="z">τ.5</subfield>
   <subfield code="4">1</subfield>
  </datafield>
 </record>
</collection>
